header

Farmers and the state in colonial Kano (Record no. 186271)

MARC details
000 -LEADER
fixed length control field 01697nam a2200385 a 4500
082 04 - DEWEY DECIMAL CLASSIFICATION NUMBER
Classification number 306.3/49/0966978
100 1# - MAIN ENTRY--AUTHOR NAME
Personal name Pierce, Steven,
245 10 - TITLE STATEMENT
Title Farmers and the state in colonial Kano
260 ## - PUBLICATION, DISTRIBUTION, ETC. (IMPRINT)
Place of publication Bloomington :
Name of publisher Indiana University Press,
Year of publication c2005.
300 ## - PHYSICAL DESCRIPTION
Number of Pages xii, 262 p. :
Other physical details ill.
500 ## - GENERAL NOTE
General note Based on author's thesis (doctoral)--University of Michigan.
650 #0 - SUBJECT ADDED ENTRY--TOPICAL TERM
Topical Term Land tenure
Topical Term Land tenure
Topical Term Land tenure
Topical Term Land use, Rural
Topical Term Farmers
Topical Term Agriculture and state
856 40 - ELECTRONIC LOCATION AND ACCESS
Uniform Resource Identifier http://site.ebrary.com/lib/rucke/Doc?id=10137803

No items available.

© 2026 Rongo University
Contact us: librarian | system librarian | Rongo university